000 00452nam a2200181Ia 4500
001 13940
005 20260306164838.0
008 260306t2000||||xx |||||||||||||| ||spa||
041 _aESP
082 _a005.73
_bW42
100 _aWeiss, Mark Allen
_eAUT
245 0 _aEstructura de datos en Java:
_bcompatible con Java 2
260 _c2000
300 _axxx, 776 páginas :
_c25 cm.
650 _aGEN
654 _aCCC
942 _cLIB
_dJUS
_fJUS
_2ddc
_n
999 _c13940
_d13940